000 00367nam a2200157Ia 4500
008 230524s9999 xx 000 0 und d
082 _a5.133
_bRAJ
100 _aY.Rajasree
245 0 _aAdvanced Microprocessors
250 _a2ND
260 _aNEW DELHI
_bNew Age
_c2005
300 _aXV ;328
500 _aQuantity Number: 2
650 _aComp-Sc
942 _cBK
999 _c36563
_d36563